| 000 -LEADER |
| fixed length control field |
00928nam a2200205Ia 4500 |
| 003 - CONTROL NUMBER IDENTIFIER |
| control field |
OSt |
| 005 - DATE AND TIME OF LATEST TRANSACTION |
| control field |
20250218094234.0 |
| 007 - PHYSICAL DESCRIPTION FIXED FIELD--GENERAL INFORMATION |
| fixed length control field |
ca aa aaaaa |
| 008 - FIXED-LENGTH DATA ELEMENTS--GENERAL INFORMATION |
| fixed length control field |
201103s9999 xx 000 0 und d |
| 040 ## - CATALOGING SOURCE |
| Transcribing agency |
SSBUL |
| 041 ## - LANGUAGE CODE |
| Language code of text/sound track or separate title |
bur |
| 082 ## - DEWEY DECIMAL CLASSIFICATION NUMBER |
| Edition number |
23 |
| Classification number |
၂၉၄.၃၄၃၅၀၉ အောင် |
| Item number |
၉၁၄၁ S-SAT |
| 100 0# - MAIN ENTRY--PERSONAL NAME |
| Personal name |
အောင်မြင့်အောင်၊ ဦး |
| 9 (RLIN) |
17274 |
| 245 10 - TITLE STATEMENT |
| Title |
သုဝဏ္ဏဘူမိ၏ရွှေစာရံစေတီတော် သမိုင်းကျမ်း / |
| Statement of responsibility, etc. |
ဦးအောင်မြင့်အောင်။ |
| 260 ## - PUBLICATION, DISTRIBUTION, ETC. |
| Place of publication, distribution, etc. |
ရန်ကုန် ၊ |
| Name of publisher, distributor, etc. |
မိုးဝေစာပေ၊ |
| Date of publication, distribution, etc. |
ခုနှစ်မပါ။ |
| 300 ## - PHYSICAL DESCRIPTION |
| Extent |
၁၀၉ စာမျက်နှာ ၊ |
| Dimensions |
၁၈ စင်တီ ။ |
| 500 ## - GENERAL NOTE |
| General note |
S-SAT: Dr. Sai Aung Tun |
| 650 ## - SUBJECT ADDED ENTRY--TOPICAL TERM |
| Topical term or geographic name entry element |
ရွှေစာရံစေတီတေ် |
| Form subdivision |
သမိုင်း |
| 9 (RLIN) |
55024 |
| 942 ## - ADDED ENTRY ELEMENTS (KOHA) |
| Koha item type |
Books (Long term) |
| Source of classification or shelving scheme |
|